00308pab a2200121 454500008004000000100001600040245003000056260000900086300001200095362001400107650001800121773004700139180718b1984 xxu||||| |||| 00| 0 eng d aJoshi, P.N. aBanking scene during 1984 c1984 a194-203 aOct.-Dec. aBanks - India aJournal of the Indian Institure of bankers